2315-静岡市(静岡県)の駅 - Statistics

General Stats
  • This quiz has been taken 11 times
  • The average score is 21 of 26
Answer Stats
Answer % Correct
清水
100%
草薙
100%
東静岡
100%
静岡
100%
新静岡
100%
蒲原
91%
由比
91%
安倍川
91%
用宗
91%
新清水
91%
新蒲原
82%
興津
82%
日吉町
73%
音羽町
73%
春日町
73%
柚木
73%
長沼
73%
古庄
73%
県総合運動場
73%
県立美術館前
73%
御門台
73%
狐ヶ崎
73%
桜橋
73%
入江岡
73%
井川
73%
閑蔵
55%
No matching quizzes found
Score Distribution
Percent of People with Each Score
Percentile by Number Answered
Your Score History
You have not taken this quiz